00202 a2200109 4500001000700000020000600007040001100013100001200024240002600036245002100062362000900083172606 a  cMagnum aMálus10aO sapato do sapolpor10aO sapato do sapo0 a1899